000 00260nam a2200133Ia 4500
100 _aDale/Nell
942 _cBK
654 _ac++
245 _aC++ Datastructures
260 _bNarosa book
_c1999
082 _a5.73
_bDAL
300 _a773
546 _aENGLISH
999 _c27108
_d27108